Maths - Statistics

General Stats
  • This quiz has been taken 225 times
  • The average score is 8 of 9
Answer Stats
Question Answer % Correct
200 - 50 150
99%
300÷ 2 150
99%
12 × 2 - 1 23
99%
20 × 6 120
98%
90×3 270
97%
684 ÷ 2 342
96%
60-35 25
93%
60 + 20 × 3 240
86%
If you come to the shop but ypu don't have enough money how much more would ypu need if you have £1.35 and you need £3.80 2 pound 10 or 2.10 or £2.10
4%
No matching quizzes found
Score Distribution
Percent of People with Each Score
Percentile by Number Answered
Your Score History
You have not taken this quiz